| 000 | 00858nam a22002057a 4500 | ||
|---|---|---|---|
| 003 | BUBTL | ||
| 008 | 211207b ||||| |||| 00| 0 eng d | ||
| 020 | _a9789848167002 | ||
| 082 | _a954.925/ R1293c | ||
| 100 |
_94451 _aরহমান, শাকিব |
||
| 245 |
_aচিরঞ্জীব বঙ্গবন্ধু শেখ মুজিব / _cশাকিব রহমান |
||
| 250 | _a1st Edn. | ||
| 260 |
_aঢাকা : _bবর্ণবিচিত্রা, _cc2017 |
||
| 300 |
_a287 p. : _c22 cm. |
||
| 505 | _aচিরঞ্জীব বঙ্গবন্ধু শেখ মুজিব, চিরঞ্জীব, বঙ্গবন্ধু, শেখ মুজিব, শাকিব রহমান | ||
| 650 | 0 |
_94372 _aBangabandhu |
|
| 856 |
_k0 _l0 _yDownload |
||
| 942 |
_2ddc _cBK |
||
| 999 |
_c6602 _d6602 |
||